Creating new Ideas / (Record no. 193782)

000 -LEADER
fixed length control field 00691 a2200157 4500
003 - CONTROL NUMBER IDENTIFIER
control field NUST
005 - DATE AND TIME OF LATEST TRANSACTION
control field 20221206123106.0
040 ## - CATALOGING SOURCE
Transcribing agency Nust
082 ## - DEWEY DECIMAL CLASSIFICATION NUMBER
Classification number 153.2,KNO
100 ## - MAIN ENTRY--PERSONAL NAME
Personal name Knowlson, T.Sharper
9 (RLIN) 104174
245 ## - TITLE STATEMENT
Title Creating new Ideas /
Statement of responsibility, etc. T. Sharper Knowlson
260 ## - PUBLICATION, DISTRIBUTION, ETC.
Place of publication, distribution, etc. london
Name of publisher, distributor, etc. martins lane
Date of publication, distribution, etc. 1938
300 ## - PHYSICAL DESCRIPTION
Extent 147p .:
505 ## - FORMATTED CONTENTS NOTE
Formatted contents note A Look all Round the Subject (Page-7),The Thrill of New Ideas (Page-21), Here are the Needed Personal Qualifica (Page-41), Where to Look for New Ideas How to begin and Carry on(Page-), Lastly From your Own Programmed (Page-79), A Clearing House for New Ideas (Page-91), Some Points for Final Consideration (Page-105).
942 ## - ADDED ENTRY ELEMENTS (KOHA)
Source of classification or shelving scheme
Koha item type Book
Call number prefix 153.2,KNO
Holdings
Withdrawn status Lost status Source of classification or shelving scheme Damaged status Not for loan Permanent Location Current Location Shelving location Date acquired Full call number Barcode Date last seen Price effective from Koha item type Public note
          Military College of Signals (MCS) Military College of Signals (MCS) General Stacks 12/12/2016 153.2,KNO MCS30198 12/08/2016 12/12/2016 Book Almirah No.46, Shelf No.4
© 2023 Central Library, National University of Sciences and Technology. All Rights Reserved.